[Event "Mittelrhein Verbandsliga Sued 1920"]
[Site "Mittelrhein"]
[Date "2019.10.27"]
[Round "2.6"]
[White "Ivanov, Alexander3"]
[Black "Solzbacher, Thomas"]
[Result "0-1"]
[WhiteElo "1867"]
[BlackElo "1837"]
[PlyCount "42"]
[EventDate "2019.09.29"]
[EventType "team-tourn"]
[EventRounds "9"]
[EventCountry "GER"]
[SourceTitle "EXT 2023"]
[Source "ChessBase"]
[SourceDate "2022.10.05"]
[SourceVersion "1"]
[SourceVersionDate "2022.10.05"]
[SourceQuality "1"]
[WhiteTeam "Godesberg III"]
[BlackTeam "Siebengebirge"]
[WhiteTeamCountry "GER"]
[BlackTeamCountry "GER"]

1. e4 d5 2. exd5 Nf6 3. Bb5+ Bd7 4. Bc4 b5 5. Bb3 Bg4 6. f3 Bc8 7. Qe2 a6 8. a4 b4 9. c4 a5 10. Qe3 c6 11. dxc6 Nxc6 12. Ne2 e5 13. d4 Nxd4 14. Qxe5+ Ne6 15. Nf4 Bd6 16. Nxe6 Bxe6 17. Qe2 0-0 18. 0-0 Re8 19. Be3 Qc7 20. g3 Bh3 21. Qf2 Rxe3 0-1

[Event "Mittelrhein Verbandsliga-S 18/19"]
[Site "Nordrheinwestfalen"]
[Date "2019.01.20"]
[Round "6.8"]
[White "Altok, Mesut"]
[Black "Solzbacher, Thomas"]
[Result "1-0"]
[WhiteElo "1953"]
[BlackElo "1795"]
[PlyCount "65"]
[EventDate "2018.09.02"]
[EventType "team-tourn"]
[EventRounds "11"]
[EventCountry "GER"]
[SourceTitle "EXT 2022"]
[Source "ChessBase"]
[SourceDate "2021.10.06"]
[SourceVersion "1"]
[SourceVersionDate "2021.10.06"]
[SourceQuality "1"]
[WhiteTeam "Satranc Club"]
[BlackTeam "Siebengebirge"]
[WhiteTeamCountry "GER"]
[BlackTeamCountry "GER"]

1. Nf3 Nf6 2. d4 c5 3. Nc3 d5 4. dxc5 e6 5. e4 Bxc5 6. exd5 Nxd5 7. Nxd5 exd5 8. Bb5+ Nc6 9. Qe2+ Qe7 10. Qxe7+ Kxe7 11. 0-0 Be6 12. c3 Rhd8 13. Re1 Kf8 14. Bg5 Rdc8 15. Rad1 h6 16. Bf4 Rd8 17. Bxc6 bxc6 18. Nd4 Bd7 19. b4 Be7 20. Nb3 Rac8 21. Be3 Bg4 22. f3 Bf5 23. Bxa7 Bc2 24. Rd2 Bxb3 25. axb3 Rd7 26. Bd4 c5 27. bxc5 Bxc5 28. Bxc5+ Rxc5 29. c4 Re7 30. Rxe7 Kxe7 31. Rxd5 Rxd5 32. cxd5 Kd6 33. Kf2 1-0

[Event "Mittelrhein Verbandsliga-S 18/19"]
[Site "Nordrheinwestfalen"]
[Date "2018.10.28"]
[Round "3.8"]
[White "Froitzheim, Ralf"]
[Black "Solzbacher, Thomas"]
[Result "0-1"]
[WhiteElo "1810"]
[BlackElo "1795"]
[PlyCount "92"]
[EventDate "2018.09.02"]
[EventType "team-tourn"]
[EventRounds "11"]
[EventCountry "GER"]
[SourceTitle "EXT 2022"]
[Source "ChessBase"]
[SourceDate "2021.10.06"]
[SourceVersion "1"]
[SourceVersionDate "2021.10.06"]
[SourceQuality "1"]
[WhiteTeam "Niederkassel II"]
[BlackTeam "Siebengebirge"]
[WhiteTeamCountry "GER"]
[BlackTeamCountry "GER"]

1. c4 e5 2. g3 Nf6 3. Bg2 d5 4. cxd5 Nxd5 5. Nc3 Nb6 6. Nf3 Nc6 7. 0-0 Be7 8. a3 Be6 9. d3 0-0 10. Be3 Nd5 11. Nxd5 Bxd5 12. Rc1 Bd6 13. Qa4 Ne7 14. Bc5 Bc6 15. Qc2 Qd7 16. Rfd1 Bxc5 17. Qxc5 f6 18. e3 Rac8 19. b3 Rfd8 20. Qc4+ Bd5 21. Qc2 Qe6 22. Nd2 Bxg2 23. Kxg2 Qd5+ 24. Nf3 c6 25. d4 e4 26. Nd2 f5 27. Qc5 Qxc5 28. Rxc5 Rd5 29. Rdc1 b6 30. R5c2 Kf7 31. b4 Ke6 32. Nb3 g5 33. a4 Kd7 34. b5 cxb5 35. Rxc8 Nxc8 36. axb5 Rxb5 37. Rc3 a5 38. f3 a4 39. Nd2 Rb2 40. fxe4 Rxd2+ 41. Kf3 fxe4+ 42. Kxe4 Rb2 43. h4 gxh4 44. gxh4 b5 45. Rc5 a3 46. Rd5+ Nd6+ 0-1

[Event "Mittelrhein Verbandsliga-S 18/19"]
[Site "Nordrheinwestfalen"]
[Date "2018.09.02"]
[Round "1.8"]
[White "Kinnert, Dieter"]
[Black "Solzbacher, Thomas"]
[Result "0-1"]
[WhiteElo "1832"]
[BlackElo "1795"]
[PlyCount "72"]
[EventDate "2018.09.02"]
[EventType "team-tourn"]
[EventRounds "11"]
[EventCountry "GER"]
[SourceTitle "EXT 2022"]
[Source "ChessBase"]
[SourceDate "2021.10.06"]
[SourceVersion "1"]
[SourceVersionDate "2021.10.06"]
[SourceQuality "1"]
[WhiteTeam "Troisdorf"]
[BlackTeam "Siebengebirge"]
[WhiteTeamCountry "GER"]
[BlackTeamCountry "GER"]

1. e4 d5 2. exd5 Nf6 3. d4 Nxd5 4. c4 Nb6 5. Nf3 Bg4 6. h3 Bh5 7. Nc3 Nc6 8. c5 Bxf3 9. Qxf3 Nxd4 10. Qe4 f5 11. Qd3 Nc8 12. Bf4 e6 13. 0-0-0 Bxc5 14. Be5 Nc6 15. Qb5 Qg5+ 16. Kb1 Bb6 17. Bc4 Kf7 18. Rd7+ N8e7 19. Rhd1 Qg6 20. f4 Rhd8 21. Na4 Rxd7 22. Rxd7 a6 23. Qb3 Na5 24. Qa3 Re8 25. Nxb6 cxb6 26. Bf1 Nac6 27. Bd6 Qf6 28. Rxb7 Qd4 29. Qd3 Qxd3+ 30. Bxd3 Rd8 31. Bxe7 Nxe7 32. Bxa6 Rd2 33. Rxb6 Nd5 34. Rc6 Rxg2 35. a4 Nb4 36. Rb6 Rg1+ 0-1

[Event "Mittelrhein Verbandsliga Ost 1415"]
[Site "Mittelrhein"]
[Date "2014.09.28"]
[Round "2.6"]
[White "Gorissen, Hubert"]
[Black "Solzbacher, Thomas"]
[Result "1-0"]
[WhiteElo "1894"]
[BlackElo "1861"]
[PlyCount "49"]
[EventDate "2014.09.07"]
[EventType "team-tourn"]
[EventRounds "11"]
[EventCountry "GER"]
[SourceTitle "EXT 2023"]
[Source "ChessBase"]
[SourceDate "2022.10.05"]
[SourceVersion "1"]
[SourceVersionDate "2022.10.05"]
[SourceQuality "1"]
[WhiteTeam "Troisdorf"]
[BlackTeam "Siebengebirge"]
[WhiteTeamCountry "GER"]
[BlackTeamCountry "GER"]

1. e4 d5 2. exd5 Nf6 3. d4 Nxd5 4. c4 Nb6 5. Nf3 g6 6. Nc3 Bg7 7. c5 Nd5 8. Bc4 c6 9. 0-0 0-0 10. Re1 Bg4 11. Bg5 Re8 12. h3 Be6 13. Qb3 b6 14. Ne5 Bxe5 15. Rxe5 Nd7 16. Nxd5 Bxd5 17. Rxd5 cxd5 18. Bxd5 Rc8 19. Bxf7+ Kg7 20. Bxe8 Qxe8 21. Re1 e5 22. cxb6 Nxb6 23. Rxe5 Qf8 24. Re7+ Kh8 25. Qe6 1-0